Annual Reports $ Financial Statements (Record no. 15771)
[ view plain ]
| 000 -LEADER | |
|---|---|
| fixed length control field | 00316nam a22000977a 4500 |
| 008 - FIXED-LENGTH DATA ELEMENTS--GENERAL INFORMATION | |
| fixed length control field | 160314b xxu||||| |||| 00| 0 eng d |
| 245 ## - TITLE STATEMENT | |
| Title | Annual Reports $ Financial Statements |
| Remainder of title | Financial year ended 30 june 2010 |
| 260 ## - PUBLICATION, DISTRIBUTION, ETC. (IMPRINT) | |
| Place of publication, distribution, etc. | kplc |
| Name of publisher, distributor, etc. | kenya power |
| Date of publication, distribution, etc. | 2010 |
| 300 ## - PHYSICAL DESCRIPTION | |
| Extent | 112p. |
| Other physical details | ill. |
| 942 ## - ADDED ENTRY ELEMENTS (KOHA) | |
| Source of classification or shelving scheme | Library of Congress Classification |
| Koha item type | Reference |
| Call number prefix | HD9685 .K44K46 2010 C.2 |
| Withdrawn status | Lost status | Source of classification or shelving scheme | Not for loan | Home library | Current library | Shelving location | Date acquired | Total Checkouts | Full call number | Barcode | Date last seen | Copy number | Price effective from | Koha item type |
|---|---|---|---|---|---|---|---|---|---|---|---|---|---|---|
| Library of Congress Classification | Kabarak, Main Campus | Kabarak, Main Campus | Reference | 14/03/2016 | HD 9685 .K44k46 2010 C.2 | 23141 | 14/03/2016 | C.2 | 14/03/2016 | Reference | ||||
| Library of Congress Classification | Kabarak, Main Campus | Kabarak, Main Campus | Reference | 15/03/2016 | HD9685 .K44K46 2010 c. 4 | 23138 | 02/08/2024 | c. 4 | 15/03/2016 | Reference |